000 00980nam a2200277Ia 4500
003 OSt
005 20220918170250.0
006 a|||||r|||| 00| 0
007 ta
008 220917b |||||||| |||| 00| 0 eng d
020 _a9780081002513 (pbk)
_c78.95
024 _a317,311
037 _b3013, 10/03/2017, The Book Seller
_cTextual
040 _aARTS
_cARTS
_beng
041 _2eng
_aeng
082 _a2:(D65,8(B)), Q6
100 _aBaker David Ed.
_927946
245 0 _aDigital information strategies
_b from applications and content to libraries and people
260 _aAmsterdam
_bChandos Publishing The Netherlands
_c2016
300 _axlii,264p.
_ccm.
490 _aChandos digital information reviews series
650 _aDIGITAL LIBRARIES; LIBRARY SCIENCE
_927947
700 _a Evans Wendy Ed.
_927948
942 _h2:(D65,8(B)), Q6
_cTEXL
_2CC
999 _c133296
_d133296